000 00441nam a2200169Ia 4500
008 230711s9999||||xx |||||||||||||| ||und||
020 _a978-81-224-3230-5
041 _aENG
082 _a5.1
_bDU-M
100 _aDukkipati,Rao V
245 0 _aMatlab for Control System Engineers
250 _a1st Ed.
260 _c2015
_aNew Delhi
_bNew Age International Publishers
300 _a577p.
650 _aElectronics Engineering
942 _cBK
999 _c6610
_d6610